| 000 | 01724nam a22002657a 4500 | ||
|---|---|---|---|
| 005 | 20151123153608.0 | ||
| 008 | 150922s1899 fr ||||fr|||| 001 0 fre d | ||
| 040 |
_cSandra Yazo _dSandra Yazo |
||
| 041 | 0 | _afre | |
| 082 | 0 | 4 |
_220 _a372.944 |
| 092 | _aE37N076 | ||
| 100 | 1 |
_aFrande, Henry de _971655 |
|
| 242 | 0 | 3 |
_aEl Colegio de Mañana _bDiario de un Rector de Colegio _cHenry de France _yspa |
| 245 | 1 | 3 |
_aLe Collège de Demain _bJournal d’un Directeur de Collège _cHenry de France |
| 260 |
_aParís (Francia) _bPedone, A., éditeur [A. Pedone, editor] _bImprimerie La Montruilloise [Imprenta La Montruilloise] _c1899 |
||
| 300 |
_axxiv, 320 página _c19 x 12 cm. |
||
| 500 | _aDetalles físicos: Encuadernación flexible en cartulina. Tapas con datos de publicación y adornos impresos, la delantera impresa en dos tintas. Lomo se conserva parcialmente. Hoja de cortesía. Anteportada. Portada sencilla. Texto impreso en una sola columna. Ejemplar en mal estado de conservación, descuadernado. Varias páginas con roturas y dobleces | ||
| 505 | 0 | _aPrefacio ; Razones de la fundación del Colegio ; Necesidad de una reforma en la enseñanza ; Origen de los actuales métodos ; La educación de las clases altas ; El Colegio de Pointeville ; Exposición suscinta del método de instrucción ; Explicación breve sobre el método de enseñanza de las lenguas ; Papel del médico en el Colegio ; Reclutamiento de los profesores ; Método de la enseñanza de las ciencias | |
| 506 | _aConsulta en sala | ||
| 546 | _aTexto en francés | ||
| 650 | 7 |
_952305 _aEducación _zFrancia |
|
| 650 | 7 |
_914818 _aEscuelas _xFrancia |
|
| 690 |
_942917 _aTeoría de la educación |
||
| 942 |
_2LOCAL _cLIBRO _e1 _hE37N076 |
||
| 999 |
_c301575 _d301575 |
||